000
00311nam a2200121Ia 4500
008
220204s9999 xx 000 0 und d
082
_a
621.3
_b
NAT
100
_a
Nath, K
245
0
_a
Electrical appliances repair and maintenance
260
_a
Delhi
_b
Hind
_c
1979
650
_a
Electrical appliances
942
_c
BK
999
_c
38431
_d
38431